Le Corbusier : disegni, dessins, drawings /
| Main Author: | |
|---|---|
| Other Authors: | , |
| Format: | Book |
| Language: | English French Italian |
| Published: |
Roma :
Officina,
[1979]
|
| Subjects: |
MARC
| Tag | First Indicator | Second Indicator | Subfields |
|---|---|---|---|
| LEADER | 00000cam a2200000 a 4500 | ||
| 001 | in00000071444 | ||
| 005 | 20151008062227.0 | ||
| 008 | 820302s1979 it a 00110 eng d | ||
| 020 | |a 2864250020 | ||
| 035 | |a (OCoLC)08203617 | ||
| 035 | |9 AAJ9777AM | ||
| 040 | |a TXA |c TXA |d UtOrBLW | ||
| 041 | 0 | |a eng |a fre |a ita | |
| 049 | |a TXAM |c [1195990] | ||
| 090 | |a NC248.J4 |b A4 1979 | ||
| 100 | 0 | |a Le Corbusier, |d 1887-1965. | |
| 245 | 1 | 3 | |a Le Corbusier : |b disegni, dessins, drawings / |c Alberto Izzo, Camillo Gubitosi. |
| 264 | 1 | |a Roma : |b Officina, |c [1979] | |
| 264 | 4 | |c ©1979 | |
| 300 | |a xvi, 380 pages : |b illustrations (some color) ; |c 23 cm. | ||
| 336 | |a text |b txt |2 rdacontent | ||
| 337 | |a unmediated |b n |2 rdamedia | ||
| 338 | |a volume |b nc |2 rdacarrier | ||
| 500 | |a English, French, and Italian. | ||
| 500 | |a Includes index. | ||
| 600 | 0 | 0 | |a Le Corbusier, |d 1887-1965 |x Exhibitions. |
| 700 | 1 | |a Izzo, Alberto. | |
| 700 | 1 | |a Gubitosi, Camillo. | |
| 999 | |a MARS | ||
| 999 | f | f | |s 6d4f297f-8859-3d37-97b6-04aea394f78f |i a11ee7c2-c4a7-39a1-badc-644b3f1d8f8b |t 0 |
| 952 | f | f | |p normal |a Texas A&M University |b College Station |c Sterling C. Evans Library |d Evans: Library Stacks |t 0 |e NC248.J4 A4 1979 |h Library of Congress classification |i unmediated -- volume |m A14806169134 |
| 998 | f | f | |a NC248.J4 A4 1979 |t 0 |l Evans: Library Stacks |